Global marketing management :changes, challenges and new strategies / (Record no. 565)

MARC details
000 -LEADER
fixed length control field 02192cam a22003494a 4500
001 - CONTROL NUMBER
control field 13860511
005 - DATE AND TIME OF LATEST TRANSACTION
control field 20210414113916.0
008 - FIXED-LENGTH DATA ELEMENTS--GENERAL INFORMATION
fixed length control field 050203s2005 enka b 001 0 eng
010 ## - LIBRARY OF CONGRESS CONTROL NUMBER
LC control number 2005003201
020 ## - INTERNATIONAL STANDARD BOOK NUMBER
International Standard Book Number 0199267529
020 ## - INTERNATIONAL STANDARD BOOK NUMBER
International Standard Book Number 9780199267521
035 ## - SYSTEM CONTROL NUMBER
System control number (OCoLC)ocm57694951
040 ## - CATALOGING SOURCE
Original cataloging agency DLC
Transcribing agency DLC
Modifying agency IXA
-- OCL
-- BAKER
-- C#P
-- YDXCP
-- OCLCQ
-- DLC
042 ## - AUTHENTICATION CODE
Authentication code pcc
050 00 - LIBRARY OF CONGRESS CALL NUMBER
Classification number HD62.4.L44
082 00 - DEWEY DECIMAL CLASSIFICATION NUMBER
Classification number 658.8/4
Edition number 22
100 1# - MAIN ENTRY--PERSONAL NAME
Personal name Lee, Kiefer.
245 10 - TITLE STATEMENT
Title Global marketing management :changes, challenges and new strategies /
Statement of responsibility, etc. Kiefer Lee, Steve Carter.
260 ## - PUBLICATION, DISTRIBUTION, ETC.
Place of publication, distribution, etc. Oxford ;
-- New York :
Name of publisher, distributor, etc. Oxford University Press,
Date of publication, distribution, etc. 2005.
300 ## - PHYSICAL DESCRIPTION
Extent xxxi, 582 p. :
Other physical details ill. ;
Dimensions 25 cm.
504 ## - BIBLIOGRAPHY, ETC. NOTE
Bibliography, etc. note Includes bibliographical references and index.
505 0# - FORMATTED CONTENTS NOTE
Formatted contents note Contents: The Global marketing environment: Changes and new challenges -- The Global marketing environment -- Understanding global cultures and buyer behaviour -- Opportunity analysis and selection of markets -- Managing the process of globalization -- Market entry strategies -- Creating, developing and maintaining competitive advantage -- Product and brand management -- Global services marketing -- Management of global communications -- Managing supply chain and distribution -- Global pricing and terms of access -- Sales force management and negotiation -- Managing global marketing relationships -- Global marketing in the digital age -- Knowledge management in international operations -- Corporate social responsibility and ethics -- Organizing and controlling global marketing operations.
650 #0 - SUBJECT ADDED ENTRY--TOPICAL TERM
Topical term or geographic name entry element International business enterprises
General subdivision Management.
650 #0 - SUBJECT ADDED ENTRY--TOPICAL TERM
Topical term or geographic name entry element Strategic planning.
700 1# - ADDED ENTRY--PERSONAL NAME
Personal name Carter, S.
Fuller form of name (Steve)
856 41 - ELECTRONIC LOCATION AND ACCESS
Materials specified Table of contents
Uniform Resource Identifier <a href="http://www.loc.gov/catdir/toc/ecip058/2005003201.html">http://www.loc.gov/catdir/toc/ecip058/2005003201.html</a>
856 42 - ELECTRONIC LOCATION AND ACCESS
Materials specified Publisher description
Uniform Resource Identifier <a href="http://www.loc.gov/catdir/enhancements/fy0723/2005003201-d.html">http://www.loc.gov/catdir/enhancements/fy0723/2005003201-d.html</a>
856 42 - ELECTRONIC LOCATION AND ACCESS
Materials specified Contributor biographical information
Uniform Resource Identifier <a href="http://www.loc.gov/catdir/enhancements/fy0723/2005003201-b.html">http://www.loc.gov/catdir/enhancements/fy0723/2005003201-b.html</a>
906 ## - LOCAL DATA ELEMENT F, LDF (RLIN)
a 7
b cbc
c orignew
d 1
e ecip
f 20
g y-gencatlg
942 ## - ADDED ENTRY ELEMENTS (KOHA)
Source of classification or shelving scheme Library of Congress Classification
Koha item type Books
Holdings
Withdrawn status Lost status Source of classification or shelving scheme Damaged status Not for loan Home library Current library Shelving location Date acquired Total Checkouts Full call number Barcode Date last seen Price effective from Koha item type
    Library of Congress Classification     WISCONSIN INTERNATIONAL UNIVERSITY COLLEGE, GHANA - MAIN LIBRARY WISCONSIN INTERNATIONAL UNIVERSITY COLLEGE, GHANA - MAIN LIBRARY General Stacks 01/02/2012   HD62.4.L44 1542/12 01/02/2012 01/02/2012 Books

If you have any concerns or questions; kindly contact the library


© Powered by WIUC ICT DIRECTORATE